00330 a2200109 4500001000700000020000600007040001100013100003800024240007700062245007200139362000900211193247 a  cMagnum aBurkowski, Alice Almerita Machado10aPlanejamento do ensino da educacao fisica: critico ou nao critico ?lpor10aPlanejamento do ensino da educacao fisica: critico ou nao critico ?0 a1899